Statistics for Enemies of Oceanian Countries

Click here to take the quiz!

General Stats

  • This quiz has been taken 61 times
  • The average score is 10 of 11

Answer Stats

CountryEnemy% Correct
AustraliaChina
98%
FijiChina
98%
New ZealandChina
98%
TuvaluChina
96%
F.S. MicronesiaRussia
86%
NauruRussia
86%
PalauRussia
86%
Papua New GuineaIndonesia
84%
Solomon IslandsIndonesia
84%
TongaIndonesia
84%
VanuatuIndonesia
84%

Score Distribution

Percentile by Number Answered

Percent of People with Each Score

Your Score History

You have not taken this quiz